000 00906cam a2200229 a 4500
001 34967176
003 OSt
005 20201201090305.0
008 960611s1996 hk b 001 0 chi
020 _a988828665X (v. 1)
020 _a9789888286652 (v. 1)
020 _a9888286668 (v. 2)
020 _a9789888286669 (v.2)
100 1 _a大衞‧加蘭 Garland, David E.
245 1 0 _a馬可福音 Ma ke fu yin = Mark {ch} /
_cDawei Jialan (David E. Garland) zhu ; Chen Gui yi. (大衞‧加蘭(David E. Garland)著 ; 沈珪譯.)
260 _a漢語聖經協會, Xianggang :
_bHan yu Sheng jing xie hui,
_c©2016.
300 _a2 volumes ;
_c23 cm.
440 _a國際釋經應用系列 Guo ji shi jing ying yong xi lie = NIV application commentary.
_n41A
_n41B
504 _aIncludes bibliographical references and indexes.
630 0 0 _aBible.
_pMark
_xCommentaries {ch}.
942 _2lcc
_cBK
_02
999 _c40352
_d40352